Adult and Continuing Education in Belarus (Record no. 91464)

MARC details
000 -LEADER
fixed length control field 01482nam a2200265Ii 4500
003 - CONTROL NUMBER IDENTIFIER
control field URS
005 - DATE AND TIME OF LATEST TRANSACTION
control field 20260218110123.0
008 - FIXED-LENGTH DATA ELEMENTS--GENERAL INFORMATION
fixed length control field 221202s xx 000 0 und d
040 ## - CATALOGING SOURCE
Transcribing agency URS
Modifying agency
100 1# - MAIN ENTRY--PERSONAL NAME
Personal name Veramejchyk, Galina,
Relator term author
245 #0 - TITLE STATEMENT
Title Adult and Continuing Education in Belarus
264 #1 - PRODUCTION, PUBLICATION, DISTRIBUTION, MANUFACTURE, AND COPYRIGHT NOTICE
Place of production, publication, distribution, manufacture Bielefeld
Name of producer, publisher, distributor, manufacturer W. Bertelsmann Verlag
Date of production, publication, distribution, manufacture, or copyright notice 2017
300 ## - PHYSICAL DESCRIPTION
Extent 1 online resource
336 ## - CONTENT TYPE
Content type term text
Content type code txt
Source rdacontent
337 ## - MEDIA TYPE
Media type term computer
Media type code c
Source rdamedia
338 ## - CARRIER TYPE
Carrier type term online resource
Carrier type code cr
Source rdacarrier
490 ## - SERIES STATEMENT
Series statement Länderportäts
520 ## - SUMMARY, ETC.
Summary, etc. This publication gives an overview of central aspects of adult and continuing education in Belarus. Galina Veramejchyk presents a range of data and information regarding adult and continuing education institutions, ¿nancing, provision, participation, staff and international relationships. She describes adult and continuing education in Belarus taking into consideration the political, geographical, and cultural context as well as the current economic situation. This book offers a brief and systematic introduction and guides the reader through the system of adult and continuing education in Belarus.
653 ## - INDEX TERM--UNCONTROLLED
Uncontrolled term Allgemeine Erwachsenenbildung
653 ## - INDEX TERM--UNCONTROLLED
Uncontrolled term Bildungssysteme
653 ## - INDEX TERM--UNCONTROLLED
Uncontrolled term L�Nderstudie
653 ## - INDEX TERM--UNCONTROLLED
Uncontrolled term Sociology
856 ## - ELECTRONIC LOCATION AND ACCESS
Uniform Resource Identifier <a href="https://docs.google.com/spreadsheets/d/1yKIrdCPDAG_9c22mwoOIO2DOhtj65Wqa/edit?usp=sharing&ouid=106555315294820607512&rtpof=true&sd=true ">https://docs.google.com/spreadsheets/d/1yKIrdCPDAG_9c22mwoOIO2DOhtj65Wqa/edit?usp=sharing&ouid=106555315294820607512&rtpof=true&sd=true </a>
Link text List of Curated E-Books
942 ## - ADDED ENTRY ELEMENTS (KOHA)
Koha item type E-Book
Source of classification or shelving scheme Library of Congress Classification

No items available.

University of Rizal System
Email us at univlibservices@urs.edu.ph

Visit our Website www.urs.edu.ph/library